Statistics for Opposites

Click here to take the quiz!

General Stats

  • This quiz has been taken 80 times
  • The average score is 16 of 18

Answer Stats

HintAnswer% Correct
NightDay
99%
ColdHot
99%
OldNew / Young
99%
BlackWhite
99%
SisterBrother
97%
OpenClose
97%
MomDad
97%
LeftRight
97%
HappySad
97%
BigSmall
97%
YinYang
97%
EmptyFull
96%
EasyHard
96%
SunMoon
94%
StopGo
93%
LowercaseUppercase
91%
EvenOdd
81%
ManuscriptCursive
4%

Score Distribution

Percentile by Number Answered

Percent of People with Each Score

Your Score History

You have not taken this quiz